<?xml version="1.0" encoding="UTF-8"?>
<record
    xmlns:xsi="http://www.w3.org/2001/XMLSchema-instance"
    xsi:schemaLocation="http://www.loc.gov/MARC21/slim http://www.loc.gov/standards/marcxml/schema/MARC21slim.xsd"
    xmlns="http://www.loc.gov/MARC21/slim">

  <leader>     nam a22     7a 4500</leader>
  <datafield tag="999" ind1=" " ind2=" ">
    <subfield code="c">40636</subfield>
    <subfield code="d">40636</subfield>
  </datafield>
  <controlfield tag="003">OSt</controlfield>
  <controlfield tag="005">20170925114034.0</controlfield>
  <controlfield tag="008">170925b        xxu||||| |||| 00| 0 eng d</controlfield>
  <datafield tag="040" ind1=" " ind2=" ">
    <subfield code="c">sero soft</subfield>
  </datafield>
  <datafield tag="100" ind1=" " ind2=" ">
    <subfield code="a">Khanna,Dr Anju</subfield>
  </datafield>
  <datafield tag="245" ind1=" " ind2=" ">
    <subfield code="a">History of India</subfield>
  </datafield>
  <datafield tag="260" ind1=" " ind2=" ">
    <subfield code="a">New Delhi</subfield>
    <subfield code="b">The Bright Law House</subfield>
    <subfield code="c">22-09-17</subfield>
  </datafield>
  <datafield tag="300" ind1=" " ind2=" ">
    <subfield code="a">220</subfield>
  </datafield>
  <datafield tag="942" ind1=" " ind2=" ">
    <subfield code="2">ddc</subfield>
    <subfield code="c">02</subfield>
  </datafield>
  <datafield tag="952" ind1=" " ind2=" ">
    <subfield code="0">0</subfield>
    <subfield code="1">0</subfield>
    <subfield code="2">ddc</subfield>
    <subfield code="4">0</subfield>
    <subfield code="7">0</subfield>
    <subfield code="a">04</subfield>
    <subfield code="b">04</subfield>
    <subfield code="d">2017-09-25</subfield>
    <subfield code="e">bansal book GHZ</subfield>
    <subfield code="g">120.00</subfield>
    <subfield code="i">5897/22-09-2017</subfield>
    <subfield code="p">04-B-5230</subfield>
    <subfield code="r">2017-09-25</subfield>
    <subfield code="w">2017-09-25</subfield>
    <subfield code="y">02</subfield>
  </datafield>
  <datafield tag="952" ind1=" " ind2=" ">
    <subfield code="0">0</subfield>
    <subfield code="1">0</subfield>
    <subfield code="2">ddc</subfield>
    <subfield code="4">0</subfield>
    <subfield code="7">0</subfield>
    <subfield code="a">04</subfield>
    <subfield code="b">04</subfield>
    <subfield code="d">2017-09-25</subfield>
    <subfield code="e">bansal book GHZ</subfield>
    <subfield code="g">120.00</subfield>
    <subfield code="i">5897/22-09-2017</subfield>
    <subfield code="l">5</subfield>
    <subfield code="m">1</subfield>
    <subfield code="p">04-B-5231</subfield>
    <subfield code="q">2023-03-15</subfield>
    <subfield code="r">2022-11-04</subfield>
    <subfield code="s">2022-11-04</subfield>
    <subfield code="w">2017-09-25</subfield>
    <subfield code="y">02</subfield>
  </datafield>
  <datafield tag="952" ind1=" " ind2=" ">
    <subfield code="0">0</subfield>
    <subfield code="1">0</subfield>
    <subfield code="2">ddc</subfield>
    <subfield code="4">0</subfield>
    <subfield code="7">0</subfield>
    <subfield code="a">04</subfield>
    <subfield code="b">04</subfield>
    <subfield code="d">2017-09-25</subfield>
    <subfield code="e">bansal book GHZ</subfield>
    <subfield code="g">120.00</subfield>
    <subfield code="i">5897/22-09-2017</subfield>
    <subfield code="l">6</subfield>
    <subfield code="p">04-B-5232</subfield>
    <subfield code="q">2021-03-15</subfield>
    <subfield code="r">2020-12-23</subfield>
    <subfield code="s">2020-12-23</subfield>
    <subfield code="w">2017-09-25</subfield>
    <subfield code="y">02</subfield>
  </datafield>
  <datafield tag="952" ind1=" " ind2=" ">
    <subfield code="0">0</subfield>
    <subfield code="1">0</subfield>
    <subfield code="2">ddc</subfield>
    <subfield code="4">0</subfield>
    <subfield code="7">0</subfield>
    <subfield code="a">04</subfield>
    <subfield code="b">04</subfield>
    <subfield code="d">2017-09-25</subfield>
    <subfield code="e">bansal book GHZ</subfield>
    <subfield code="g">120.00</subfield>
    <subfield code="i">5897/22-09-2017</subfield>
    <subfield code="l">7</subfield>
    <subfield code="m">2</subfield>
    <subfield code="p">04-B-5233</subfield>
    <subfield code="r">2023-02-04</subfield>
    <subfield code="s">2022-11-14</subfield>
    <subfield code="w">2017-09-25</subfield>
    <subfield code="y">02</subfield>
  </datafield>
  <datafield tag="952" ind1=" " ind2=" ">
    <subfield code="0">0</subfield>
    <subfield code="1">0</subfield>
    <subfield code="2">ddc</subfield>
    <subfield code="4">0</subfield>
    <subfield code="7">0</subfield>
    <subfield code="a">04</subfield>
    <subfield code="b">04</subfield>
    <subfield code="d">2017-09-25</subfield>
    <subfield code="e">bansal book GHZ</subfield>
    <subfield code="g">120.00</subfield>
    <subfield code="i">5897/22-09-2017</subfield>
    <subfield code="l">6</subfield>
    <subfield code="m">1</subfield>
    <subfield code="p">04-B-5234</subfield>
    <subfield code="r">2023-02-04</subfield>
    <subfield code="s">2022-11-04</subfield>
    <subfield code="w">2017-09-25</subfield>
    <subfield code="y">02</subfield>
  </datafield>
  <datafield tag="952" ind1=" " ind2=" ">
    <subfield code="0">0</subfield>
    <subfield code="1">0</subfield>
    <subfield code="2">ddc</subfield>
    <subfield code="4">0</subfield>
    <subfield code="7">0</subfield>
    <subfield code="a">04</subfield>
    <subfield code="b">04</subfield>
    <subfield code="d">2017-09-25</subfield>
    <subfield code="e">bansal book GHZ</subfield>
    <subfield code="g">120.00</subfield>
    <subfield code="i">5897/22-09-2017</subfield>
    <subfield code="l">9</subfield>
    <subfield code="m">1</subfield>
    <subfield code="p">04-B-5235</subfield>
    <subfield code="r">2025-01-07</subfield>
    <subfield code="s">2024-08-24</subfield>
    <subfield code="w">2017-09-25</subfield>
    <subfield code="y">02</subfield>
  </datafield>
  <datafield tag="952" ind1=" " ind2=" ">
    <subfield code="0">0</subfield>
    <subfield code="1">0</subfield>
    <subfield code="2">ddc</subfield>
    <subfield code="4">0</subfield>
    <subfield code="7">0</subfield>
    <subfield code="a">04</subfield>
    <subfield code="b">04</subfield>
    <subfield code="d">2017-09-25</subfield>
    <subfield code="e">bansal book GHZ</subfield>
    <subfield code="g">120.00</subfield>
    <subfield code="i">5897/22-09-2017</subfield>
    <subfield code="l">6</subfield>
    <subfield code="m">1</subfield>
    <subfield code="p">04-B-5236</subfield>
    <subfield code="r">2022-03-05</subfield>
    <subfield code="s">2021-10-11</subfield>
    <subfield code="w">2017-09-25</subfield>
    <subfield code="y">02</subfield>
  </datafield>
  <datafield tag="952" ind1=" " ind2=" ">
    <subfield code="0">0</subfield>
    <subfield code="1">0</subfield>
    <subfield code="2">ddc</subfield>
    <subfield code="4">0</subfield>
    <subfield code="7">0</subfield>
    <subfield code="a">04</subfield>
    <subfield code="b">04</subfield>
    <subfield code="d">2017-09-25</subfield>
    <subfield code="e">bansal book GHZ</subfield>
    <subfield code="g">120.00</subfield>
    <subfield code="i">5897/22-09-2017</subfield>
    <subfield code="l">1</subfield>
    <subfield code="p">04-B-5237</subfield>
    <subfield code="q">2018-05-17</subfield>
    <subfield code="r">2017-11-16</subfield>
    <subfield code="s">2017-11-16</subfield>
    <subfield code="w">2017-09-25</subfield>
    <subfield code="y">02</subfield>
  </datafield>
  <datafield tag="952" ind1=" " ind2=" ">
    <subfield code="0">0</subfield>
    <subfield code="1">0</subfield>
    <subfield code="2">ddc</subfield>
    <subfield code="4">0</subfield>
    <subfield code="7">0</subfield>
    <subfield code="a">04</subfield>
    <subfield code="b">04</subfield>
    <subfield code="d">2017-09-25</subfield>
    <subfield code="e">bansal book GHZ</subfield>
    <subfield code="g">120.00</subfield>
    <subfield code="i">5897/22-09-2017</subfield>
    <subfield code="l">8</subfield>
    <subfield code="m">1</subfield>
    <subfield code="p">04-B-5238</subfield>
    <subfield code="r">2023-02-14</subfield>
    <subfield code="s">2022-11-15</subfield>
    <subfield code="w">2017-09-25</subfield>
    <subfield code="y">02</subfield>
  </datafield>
  <datafield tag="952" ind1=" " ind2=" ">
    <subfield code="0">0</subfield>
    <subfield code="1">0</subfield>
    <subfield code="2">ddc</subfield>
    <subfield code="4">0</subfield>
    <subfield code="7">0</subfield>
    <subfield code="a">04</subfield>
    <subfield code="b">04</subfield>
    <subfield code="d">2017-09-25</subfield>
    <subfield code="e">bansal book GHZ</subfield>
    <subfield code="g">120.00</subfield>
    <subfield code="i">5897/22-09-2017</subfield>
    <subfield code="l">6</subfield>
    <subfield code="m">1</subfield>
    <subfield code="p">04-B-5239</subfield>
    <subfield code="r">2023-02-28</subfield>
    <subfield code="s">2022-11-15</subfield>
    <subfield code="w">2017-09-25</subfield>
    <subfield code="y">02</subfield>
  </datafield>
</record>
